Programovateľná odstredivka fotorezistov

Saved in:
Bibliographic Details
Main Author: Labanič, Michal (Author)
Other Authors: Mika, Fedor, 1949- (Thesis advisor)
Format: Manuscript Book
Language:Slovak
Published: Bratislava : STU v Bratislave FEI, 2003
Subjects:
Tags: Add Tag
No Tags, Be the first to tag this record!

MARC

LEADER 00000ntm a22000003a 4500
001 stu88049
005 20160719164716.3
008 040616s2003------------------------slo-d
040 |a STU  |b slo 
041 0 |a slo 
100 1 |a Labanič, Michal  |4 aut 
245 1 |a Programovateľná odstredivka fotorezistov 
260 |a Bratislava :  |b STU v Bratislave FEI,  |c 2003 
300 |a 28 s  |c príl. 
650 7 |a elektronika  |2 stusub 
700 1 |a Mika, Fedor,  |d 1949-  |4 ths  |u E210  |U FEI Fakulta elektrotechniky a informatiky  |T FEI Katedra mikroelektroniky  |X 2063  |U E210  |Y 68  |7 A000002063